<?xml version="1.0" encoding="UTF-8"?>
<record
    xmlns:xsi="http://www.w3.org/2001/XMLSchema-instance"
    xsi:schemaLocation="http://www.loc.gov/MARC21/slim http://www.loc.gov/standards/marcxml/schema/MARC21slim.xsd"
    xmlns="http://www.loc.gov/MARC21/slim">

  <leader>00383nam a2200157Ia 4500</leader>
  <controlfield tag="008">230917s9999||||xx |||||||||||||| ||und||</controlfield>
  <datafield tag="040" ind1=" " ind2=" ">
    <subfield code="e">106204</subfield>
    <subfield code="a">MAIN</subfield>
  </datafield>
  <datafield tag="041" ind1=" " ind2=" ">
    <subfield code="a">English</subfield>
  </datafield>
  <datafield tag="082" ind1=" " ind2=" ">
    <subfield code="a">005.432 K811U</subfield>
  </datafield>
  <datafield tag="100" ind1=" " ind2=" ">
    <subfield code="a">Kochan, Stephen G</subfield>
  </datafield>
  <datafield tag="245" ind1=" " ind2="0">
    <subfield code="a">Unix shell programming</subfield>
  </datafield>
  <datafield tag="250" ind1=" " ind2=" ">
    <subfield code="a">3rd ed.</subfield>
  </datafield>
  <datafield tag="260" ind1=" " ind2=" ">
    <subfield code="a">New Delhi</subfield>
    <subfield code="b">Pearson Education</subfield>
    <subfield code="c">2004</subfield>
  </datafield>
  <datafield tag="300" ind1=" " ind2=" ">
    <subfield code="a">437 p.</subfield>
  </datafield>
  <datafield tag="942" ind1=" " ind2=" ">
    <subfield code="c">BK</subfield>
  </datafield>
  <datafield tag="952" ind1=" " ind2=" ">
    <subfield code="0">0</subfield>
    <subfield code="1">0</subfield>
    <subfield code="4">0</subfield>
    <subfield code="6">005_432000000000000_K811U</subfield>
    <subfield code="7">0</subfield>
    <subfield code="9">192531</subfield>
    <subfield code="a">MAIN</subfield>
    <subfield code="b">MAIN</subfield>
    <subfield code="c">UIET</subfield>
    <subfield code="d">2005-05-24</subfield>
    <subfield code="l">0</subfield>
    <subfield code="o">005.432 K811U</subfield>
    <subfield code="p">219956</subfield>
    <subfield code="r">2023-09-17 21:20:33</subfield>
    <subfield code="w">2023-09-17</subfield>
    <subfield code="y">BK</subfield>
  </datafield>
  <datafield tag="952" ind1=" " ind2=" ">
    <subfield code="0">0</subfield>
    <subfield code="1">0</subfield>
    <subfield code="4">0</subfield>
    <subfield code="6">005_432000000000000_K811U</subfield>
    <subfield code="7">0</subfield>
    <subfield code="9">192532</subfield>
    <subfield code="a">MAIN</subfield>
    <subfield code="b">MAIN</subfield>
    <subfield code="c">UIET</subfield>
    <subfield code="d">2005-05-24</subfield>
    <subfield code="l">0</subfield>
    <subfield code="o">005.432 K811U</subfield>
    <subfield code="p">219957</subfield>
    <subfield code="r">2023-09-17 21:20:33</subfield>
    <subfield code="w">2023-09-17</subfield>
    <subfield code="y">BK</subfield>
  </datafield>
  <datafield tag="952" ind1=" " ind2=" ">
    <subfield code="0">0</subfield>
    <subfield code="1">0</subfield>
    <subfield code="4">0</subfield>
    <subfield code="6">005_432000000000000_K811U</subfield>
    <subfield code="7">0</subfield>
    <subfield code="9">192533</subfield>
    <subfield code="a">MAIN</subfield>
    <subfield code="b">MAIN</subfield>
    <subfield code="c">UIET</subfield>
    <subfield code="d">2005-05-24</subfield>
    <subfield code="l">0</subfield>
    <subfield code="o">005.432 K811U</subfield>
    <subfield code="p">219958</subfield>
    <subfield code="r">2023-09-17 21:20:33</subfield>
    <subfield code="w">2023-09-17</subfield>
    <subfield code="y">BK</subfield>
  </datafield>
  <datafield tag="952" ind1=" " ind2=" ">
    <subfield code="0">0</subfield>
    <subfield code="1">0</subfield>
    <subfield code="4">0</subfield>
    <subfield code="6">005_432000000000000_K811U</subfield>
    <subfield code="7">0</subfield>
    <subfield code="9">192534</subfield>
    <subfield code="a">MAIN</subfield>
    <subfield code="b">MAIN</subfield>
    <subfield code="c">UIET</subfield>
    <subfield code="d">2005-05-24</subfield>
    <subfield code="l">0</subfield>
    <subfield code="o">005.432 K811U</subfield>
    <subfield code="p">219959</subfield>
    <subfield code="r">2023-09-17 21:20:33</subfield>
    <subfield code="w">2023-09-17</subfield>
    <subfield code="y">BK</subfield>
  </datafield>
  <datafield tag="952" ind1=" " ind2=" ">
    <subfield code="0">0</subfield>
    <subfield code="1">0</subfield>
    <subfield code="4">0</subfield>
    <subfield code="6">005_432000000000000_K811U</subfield>
    <subfield code="7">0</subfield>
    <subfield code="9">192535</subfield>
    <subfield code="a">MAIN</subfield>
    <subfield code="b">MAIN</subfield>
    <subfield code="d">2005-05-24</subfield>
    <subfield code="l">0</subfield>
    <subfield code="o">005.432 K811U</subfield>
    <subfield code="p">229090</subfield>
    <subfield code="r">2023-09-17 21:20:33</subfield>
    <subfield code="w">2023-09-17</subfield>
    <subfield code="y">BK</subfield>
  </datafield>
  <datafield tag="952" ind1=" " ind2=" ">
    <subfield code="0">0</subfield>
    <subfield code="1">0</subfield>
    <subfield code="4">0</subfield>
    <subfield code="6">005_432000000000000_K811U</subfield>
    <subfield code="7">0</subfield>
    <subfield code="9">192536</subfield>
    <subfield code="a">MAIN</subfield>
    <subfield code="b">MAIN</subfield>
    <subfield code="c">UIET</subfield>
    <subfield code="d">2005-05-24</subfield>
    <subfield code="l">0</subfield>
    <subfield code="o">005.432 K811U</subfield>
    <subfield code="p">229091</subfield>
    <subfield code="r">2023-09-17 21:20:33</subfield>
    <subfield code="w">2023-09-17</subfield>
    <subfield code="y">BK</subfield>
  </datafield>
  <datafield tag="952" ind1=" " ind2=" ">
    <subfield code="0">0</subfield>
    <subfield code="1">0</subfield>
    <subfield code="4">0</subfield>
    <subfield code="6">005_432000000000000_K811U</subfield>
    <subfield code="7">0</subfield>
    <subfield code="9">192537</subfield>
    <subfield code="a">MAIN</subfield>
    <subfield code="b">MAIN</subfield>
    <subfield code="c">UIET</subfield>
    <subfield code="d">2005-05-24</subfield>
    <subfield code="l">0</subfield>
    <subfield code="o">005.432 K811U</subfield>
    <subfield code="p">229092</subfield>
    <subfield code="r">2023-09-17 21:20:33</subfield>
    <subfield code="w">2023-09-17</subfield>
    <subfield code="y">BK</subfield>
  </datafield>
  <datafield tag="952" ind1=" " ind2=" ">
    <subfield code="0">0</subfield>
    <subfield code="1">0</subfield>
    <subfield code="4">0</subfield>
    <subfield code="6">005_432000000000000_K811U</subfield>
    <subfield code="7">0</subfield>
    <subfield code="9">192538</subfield>
    <subfield code="a">MAIN</subfield>
    <subfield code="b">MAIN</subfield>
    <subfield code="c">UIET</subfield>
    <subfield code="d">2005-05-24</subfield>
    <subfield code="l">0</subfield>
    <subfield code="o">005.432 K811U</subfield>
    <subfield code="p">229093</subfield>
    <subfield code="r">2023-09-17 21:20:33</subfield>
    <subfield code="w">2023-09-17</subfield>
    <subfield code="y">BK</subfield>
  </datafield>
  <datafield tag="952" ind1=" " ind2=" ">
    <subfield code="0">0</subfield>
    <subfield code="1">0</subfield>
    <subfield code="4">0</subfield>
    <subfield code="6">005_432000000000000_K811U</subfield>
    <subfield code="7">0</subfield>
    <subfield code="9">192539</subfield>
    <subfield code="a">MAIN</subfield>
    <subfield code="b">MAIN</subfield>
    <subfield code="d">2005-05-24</subfield>
    <subfield code="l">0</subfield>
    <subfield code="o">005.432 K811U</subfield>
    <subfield code="p">237403</subfield>
    <subfield code="r">2023-09-17 21:20:33</subfield>
    <subfield code="w">2023-09-17</subfield>
    <subfield code="y">BK</subfield>
  </datafield>
  <datafield tag="999" ind1=" " ind2=" ">
    <subfield code="c">124182</subfield>
    <subfield code="d">124182</subfield>
  </datafield>
</record>
